000 004400000a22001690004500
003 MACL
005 20160109125508.0
008 160109b xxu||||| |||| 00| 0 eng d
040 _aMACL
_cMACL
041 _aEnglish
082 _a823/SCO
100 _aThe Standard Literature Co P Ltd
_930306
245 _aPeveril of the Peak
260 _bThe Standard Literature Co P Ltd
_aCalcutta
650 _aNovel
_9153
942 _cBK
_k823/SCO
_2ddc
999 _c37168
_d37168